| 000 | 01107nam a2200325 a 4500 | ||
|---|---|---|---|
| 001 | 21078 | ||
| 003 | VRT | ||
| 005 | 20260212142527.0 | ||
| 008 | 170328s1972 xo g 000 1 slo d | ||
| 035 | _aa000581301 | ||
| 039 | 9 |
_a202210040912 _bAUTHORITY _c201906041015 _dgluc _c201906041012 _dgluc |
|
| 040 |
_aUKB _bslo _cUKB _eAACR2 |
||
| 041 | 1 |
_aslo _heng |
|
| 044 |
_axo _cSK |
||
| 100 | 1 |
_aFowles, John, _d1926-2005 |
|
| 240 | 1 | 0 |
_aThe French Lieutenant's Women. _lSlovensky |
| 245 | 1 | 0 |
_aMilenka francúzkého poručíka _cJohn Fowles ; z angl. orig. ... preložil a doslov napísal Dušan Slobodník |
| 250 | _a1. vyd. | ||
| 260 |
_aBratislava _bTatran _c1972 |
||
| 300 | _a410 s. | ||
| 490 | 1 |
_aLuk - Knižnica modernej svetovej prózy _vZv. 31 |
|
| 700 | 1 |
_aSlobodník, Dušan, _d1927-2001 _4trl _4aft |
|
| 830 | 0 | _aLUK - Knižnica modernej svetovej prózy | |
| 910 | _aukb | ||
| 942 |
_2ddc _cKLDO _n0 |
||
| 949 |
_61800709510 _a22.D.90634 _bKD.3997-72 |
||
| 949 |
_61800713225 _a22.D.90634 _bKD.3998-72 |
||
| 949 |
_61800709626 _a22.D.90634 _bPV.12875-72 |
||
| 949 |
_6974947 _aS.D.50471 _bPV.12876-72 |
||
| 999 |
_c21078 _d21078 |
||